| 000 | 00573nam a2200181 i 4500 | ||
|---|---|---|---|
| 001 | 58992 | ||
| 003 | ES-MaACL | ||
| 005 | 20230906163933.0 | ||
| 007 | t| | ||
| 008 | 031027s1933 sp f |||| | spa d | ||
| 100 | 1 |
_aEddington, Arthur Stanley _cSir. _946616 |
|
| 245 | 1 | 3 |
_aLa expansión del Universo / _cA.S. Eddington ; traducción del inglés por G. Sans Huelín. |
| 260 |
_aMadrid : _b[s.n., _c1933] ( _fGalo Sáez) |
||
| 300 |
_a211 p., 2 lám. ; _c18 cm. |
||
| 650 | 0 | 4 |
_aCosmología. _911389 |
| 700 | 1 |
_aSans Huelin, Guillermo. _9103207 |
|
| 852 |
_aES-MaACL _jA-5028 |
||
| 999 |
_c58992 _d58992 |
||